000 00704nam a2200265Ia 4500
003 OSt
005 20221006154011.0
006 a|||||r|||| 00| 0
007 ta
008 221006b |||||||| |||| 00| 0 jpn d
020 _c¥750
024 _a34,129
037 _bGift, Japan Foundation
_cTextual
040 _aEASL
_cEASL
_bjpn
041 _2jpn
_ajpn
082 _aP42,3:4k, L3
100 _aTakebe Yoshiaki Ed.
245 0 _aShinyo jiyorei jiten
260 _aTokyo
_bNobu Mitsusha Japan
_c1973
300 _a448p.
_ccm.
490 _v RR
650 _aJL
942 _hP42,3:4k, L3
_cTEXL
_2CC
999 _c1102215
_d1102215